[Event "Under 2300 Spring Tournament 2"]
[Site "SchemingMind.com"]
[Date "2017.03.11"]
[Round "-"]
[White "Scooter"]
[Black "Nicola85"]
[Result "1-0"]
[WhiteCountry "USA"]
[BlackCountry "ITA"]
[WhiteElo "1739"]
[WhiteRD "53"]
[BlackElo "1335"]
[BlackRD "79"]
[GameID "411561"]

1. d4 Nf6 2. Nf3 g6 3. Bf4 Bg7 4. e3 O-O 5. Be2 d6 6. O-O Nbd7 7. Nbd2 c5 8. c3 a6 9. h3 b5 10. Rc1 Bb7
11. Bg3 Rc8 12. c4 Qb6 13. d5 bxc4 14. Nxc4 Qd8 15. b3 Nxd5 16. Bd3 Nb4 17. a3 Nxd3 18. Qxd3 Nf6 19. Bh4 Bxf3 20. gxf3 Ra8
21. Bxf6 Bxf6 22. f4 a5 23. Rfd1 a4 24. bxa4 Rxa4 25. Rb1 Qc7 26. Nb6 Ra7 27. Nd5 Qc6 28. Rb6 Qc8 29. Nxf6+ exf6 30. Kg2 c4
31. Qxd6 Rxa3 32. Qxf6 c3 33. Rc1 Qa8+ 34. Qc6 Rc8 35. Qxa8 Raxa8 36. Rb3 Ra2 37. Rbxc3 Rd8 38. Rc8 Rxc8= 39. Rxc8+ Kg7 40. Rc5 Kf6
41. Kg3
1-0

[Event "Under 2300 Spring Tournament 2"]
[Site "SchemingMind.com"]
[Date "2017.03.11"]
[Round "-"]
[White "Nicola85"]
[Black "Scooter"]
[Result "1-0"]
[WhiteCountry "ITA"]
[BlackCountry "USA"]
[WhiteElo "1802"]
[WhiteRD "207"]
[BlackElo "1708"]
[BlackRD "53"]
[GameID "411562"]

1. d4 d5 2. c4 Nf6 3. cxd5 Nxd5 4. e4 Nf6 5. Nc3 e6 6. Bg5 Be7 7. Nf3 O-O 8. Qc2 b6 9. Rd1 Bb7 10. Bd3 Nbd7
11. e5 Bxf3 12. gxf3 Nd5 13. Bxe7 Nxe7 14. Bxh7+ Kh8 15. Be4 c6 16. h4 Ng8 17. Bxc6 Rc8 18. Ba4 a6 19. Qd3 b5 20. Bc2 f5
21. Bb3 Qe7 22. Ne2 Rfd8 23. f4 Nc5 24. Qf3 Nxb3 25. Qxb3 Nh6 26. f3 Qd7 27. Rg1 Qe7 28. Rh1 Rc4 29. Kf2 Rdc8 30. Kg3 Rb4
31. Qa3 Qb7 32. Qxb4
1-0

[Event "Under 2300 Spring Tournament 2"]
[Site "SchemingMind.com"]
[Date "2017.03.11"]
[Round "-"]
[White "Scooter"]
[Black "ray winteringham"]
[Result "1-0"]
[WhiteCountry "USA"]
[BlackCountry "ENG"]
[WhiteElo "1644"]
[WhiteRD "52"]
[BlackElo "1493"]
[BlackRD "51"]
[GameID "411580"]

1. d4 d5 2. Nf3 Bf5 3. Bf4 Nf6 4. e3 e6 5. Bd3 Bxd3 6. Qxd3 Nbd7 7. O-O c5 8. c3 Be7 9. Nbd2 c4 10. Qc2 O-O
11. Rfe1 h6 12. e4 b5 13. exd5 exd5 14. h3 a6 15. Re2 Re8 16. Rae1 Nh7 17. Bd6 Bxd6 18. Rxe8+
1-0

[Event "Under 2300 Spring Tournament 2"]
[Site "SchemingMind.com"]
[Date "2017.03.12"]
[Round "-"]
[White "ray winteringham"]
[Black "Scooter"]
[Result "1-0"]
[WhiteCountry "ENG"]
[BlackCountry "USA"]
[WhiteElo "1493"]
[WhiteRD "51"]
[BlackElo "1644"]
[BlackRD "52"]
[GameID "411581"]

1. e4 c6 2. d4 d5 3. e5 Bf5 4. Bd3 Bxd3 5. Qxd3 e6 6. Nf3 Nd7 7. O-O Qc7 8. Bf4 O-O-O 9. c4 dxc4 10. Qxc4 Nb6
11. Qe2 h6 12. Nbd2 Nd5 13. Bg3 Bb4 14. a3 Bxd2 15. Qxd2 Nge7 16. Rfc1 Nf5 17. Ne1 Nde7 18. b4 Nxg3 19. fxg3 Qxe5 20. Nf3 Qd6
21. Rc2 Nf5 22. Ne5 Rhf8 23. b5 Nxd4 24. bxc6 Nxc6 25. Rxc6+ bxc6 26. Qa5 Qxe5 27. Qxe5 g6 28. Rb1 Kd7 29. Rd1+ Ke8 30. Rxd8+ Kxd8
31. Qd6+
1-0

[Event "Under 2300 Spring Tournament 2"]
[Site "SchemingMind.com"]
[Date "2017.03.11"]
[Round "-"]
[White "ray winteringham"]
[Black "Nicola85"]
[Result "1-0"]
[WhiteCountry "ENG"]
[BlackCountry "ITA"]
[WhiteElo "1481"]
[WhiteRD "52"]
[BlackElo "1335"]
[BlackRD "79"]
[GameID "411582"]

1. e4 e5 2. Nf3 Nc6 3. Bc4 Bc5 4. O-O Nf6 5. d3 d6 6. h3 h6 7. Nc3 O-O 8. a3 a6 9. b4 Ba7 10. Re1 Be6
11. Be3 Bxc4 12. dxc4 Bxe3 13. Rxe3 Nh7 14. Ne2 Ng5 15. Nh2 Qd7 16. f4 exf4 17. Nxf4 Ne5 18. Qe2 Qc6 19. Nd5 Qd7 20. Ng4 Nxg4
21. hxg4 Rae8 22. Re1 f6 23. Nf4 Qf7 24. Nh3 Ne6 25. Rf1 Nd4 26. Qd2 Qxc4 27. Rf2 Nc6 28. Rc3 Qe6 29. Qf4 Ne5 30. Rxc7 Qxg4
31. Rxb7 Qd1+ 32. Kh2 Ng4+ 33. Kg3 Nxf2 34. Qxf2 Rxe4 35. Nf4 h5 36. Kh2
1-0

[Event "Under 2300 Spring Tournament 2"]
[Site "SchemingMind.com"]
[Date "2017.03.11"]
[Round "-"]
[White "Nicola85"]
[Black "ray winteringham"]
[Result "1-0"]
[WhiteCountry "ITA"]
[BlackCountry "ENG"]
[WhiteElo "1672"]
[WhiteRD "250"]
[BlackElo "1496"]
[BlackRD "51"]
[GameID "411583"]

1. d4 d5 2. c4 e6 3. Nc3 c6 4. e3 b6 5. cxd5 exd5 6. Nf3 Bd6 7. Bd3 Be6 8. O-O h6 9. h3 Ne7 10. Qc2 Nd7
11. Bd2 Qc7 12. Rac1 O-O-O 13. a3 Kb7 14. Qa4 Ka8 15. b4 b5 16. Qb3 g5 17. Nxb5 Qb8 18. Nxd6 Qxd6 19. b5 Rb8 20. Bb4 Qc7
21. Bxe7 Nb6 22. Bf6 a6 23. Bxh8 Rxh8 24. Rxc6 Qb7 25. Rfc1 Nc4 26. Rxa6+ Kb8 27. a4 Bd7 28. Bxc4 dxc4 29. Qxc4 Rc8 30. Qf1 f6
31. Rxc8+ Bxc8 32. Qc4
1-0

[Event "Under 2300 Spring Tournament 2"]
[Site "SchemingMind.com"]
[Date "2017.03.14"]
[Round "-"]
[White "Scooter"]
[Black "Iucounu"]
[Result "1-0"]
[WhiteCountry "USA"]
[BlackCountry "ENG"]
[WhiteElo "1644"]
[WhiteRD "52"]
[BlackElo "1534"]
[BlackRD "81"]
[GameID "411726"]

1. d4 Nf6 2. Nf3 g6 3. Bf4 Bg7 4. e3 O-O 5. Be2 d6 6. O-O Nbd7 7. h3 Re8 8. Bg5 e5 9. dxe5 Nxe5 10. Nxe5 dxe5
11. Qxd8 Rxd8 12. Nc3 Re8 13. Bxf6 Bxf6 14. Nd5 Bd8 15. Rfd1 c6 16. Nc3 Be7 17. a3 Be6 18. Kf1 f5 19. Rd2 e4 20. Rad1 Red8
21. Ke1 Rxd2 22. Rxd2 Rd8 23. Rxd8+ Bxd8 24. Na4 b6 25. b3 Bf6 26. Kd2 Kf7 27. Nc3 Bxc3+ 28. Kxc3 a5 29. a4 Bd5 30. Bc4 Bxc4
31. Kxc4 Ke6 32. Kd4 Kd6 33. c3 g5 34. b4 axb4 35. cxb4 h5 36. a5 bxa5 37. bxa5 c5+ 38. Kc4 Kc6 39. a6 f4 40. a7
1-0

[Event "Under 2300 Spring Tournament 2"]
[Site "SchemingMind.com"]
[Date "2017.03.14"]
[Round "-"]
[White "Iucounu"]
[Black "Scooter"]
[Result "1-0"]
[WhiteCountry "ENG"]
[BlackCountry "USA"]
[WhiteElo "1534"]
[WhiteRD "81"]
[BlackElo "1644"]
[BlackRD "52"]
[GameID "411727"]

1. e4 c6 2. d4 d5 3. Nc3 dxe4 4. Nxe4 Bf5 5. Ng3 Bg6 6. h4 h6 7. h5 Bh7 8. Nf3 Nd7 9. Bd3 Bxd3 10. Qxd3 Qc7
11. Bd2 O-O-O 12. O-O-O Ngf6 13. Ne4 Nxe4 14. Qxe4 Nf6 15. Qe5 e6 16. Qxc7+ Kxc7 17. c3 Be7 18. Ne5 Rhf8 19. f3 Bd6 20. Nc4 Nd5
21. Nxd6 Kxd6 22. c4 Ne7 23. Bb4+ Kd7 24. g4 Rfe8 25. Bxe7 Kxe7 26. f4 f6 27. Rhe1 Kf7 28. Kc2 b6 29. b4 Rd7 30. Kc3 Red8
31. Rd3 Rd6 32. Ree3 a6 33. a4 g6 34. hxg6+ Kxg6 35. b5 cxb5 36. axb5 a5 37. c5 bxc5 38. dxc5 Rxd3+ 39. Rxd3 Rb8 40. Kc4 f5
41. gxf5+ Kxf5 42. b6 e5 43. fxe5 Kxe5 44. Kb5 h5 45. Kxa5
1-0

[Event "Under 2300 Spring Tournament 2"]
[Site "SchemingMind.com"]
[Date "2017.03.14"]
[Round "-"]
[White "ray winteringham"]
[Black "Iucounu"]
[Result "0-1"]
[WhiteCountry "ENG"]
[BlackCountry "ENG"]
[WhiteElo "1493"]
[WhiteRD "51"]
[BlackElo "1534"]
[BlackRD "81"]
[GameID "411728"]

1. e4 Nf6 2. Nc3 d5 3. e5 Nfd7 4. d4 e6 5. Bd3 c5 6. Be3 Nc6 7. Nge2 c4 8. Be4 dxe4 9. Nxe4 Be7 10. c3 O-O
11. a4 b6 12. O-O a6 13. b4 Bb7 14. Nd2 b5 15. f4 f6 16. a5 fxe5 17. fxe5 Rxf1+ 18. Nxf1 Bg5 19. Bf4 Bxf4 20. Nxf4 Qe7
21. Qh5 Rf8 22. g3 Nd8 23. Ne3 Qf7 24. Qh3 Be4 25. Re1 Bf5 26. Qg2 g5 27. Ne2 Bg6 28. Qa8 Qf2+ 29. Kh1 Qxe1+ 30. Kg2 Qxe2+
31. Kh3 Qxe3 32. Qxa6 Bf5+ 33. Kg2 Qe2+ 34. Kg1 Bh3
0-1

[Event "Under 2300 Spring Tournament 2"]
[Site "SchemingMind.com"]
[Date "2017.03.14"]
[Round "-"]
[White "Iucounu"]
[Black "ray winteringham"]
[Result "0-1"]
[WhiteCountry "ENG"]
[BlackCountry "ENG"]
[WhiteElo "1534"]
[WhiteRD "81"]
[BlackElo "1493"]
[BlackRD "51"]
[GameID "411729"]

1. e4 c5 2. Nf3 Nc6 3. d4 cxd4 4. Nxd4 e5 5. Nb5 a6 6. Nd6+ Bxd6 7. Qxd6 Qe7 8. Qxe7+ Ngxe7 9. c3 d6 10. Be3 O-O
11. Nd2 h6 12. O-O-O Be6 13. Bc4 Bd7 14. a3 Kh8 15. f3 f5 16. exf5 Nxf5 17. Bf2 b5 18. Bb3 Rad8 19. Ne4 Bc8 20. Ng3 Bb7
21. Nxf5 Rxf5 22. Rd2 Ne7 23. Rhd1 Nc8 24. Be6 Rf6 25. Bd5 Bxd5 26. Rxd5 Kg8 27. Bh4 g5 28. Be1 Kf7 29. h3 Ke7 30. Kc2 Nb6
31. R5d3 Nc4 32. Kb3 a5 33. Bf2 a4+ 34. Ka2 Rd7 35. Bg1 Rf8 36. b3 axb3+ 37. Kxb3 Rfd8 38. Rd5 Rb8 39. Kb4 Rdb7 40. g3 Ke6
41. g4 Ra8 42. Rxb5 Rxb5+ 43. Kxb5 d5 44. Bc5 Rb8+ 45. Ka6 Nxa3 46. Bxa3 Ra8+ 47. Kb6 Rxa3 48. Rd3 d4 49. Kb5 Rxc3
0-1

[Event "Under 2300 Spring Tournament 2"]
[Site "SchemingMind.com"]
[Date "2017.03.14"]
[Round "-"]
[White "Iucounu"]
[Black "Nicola85"]
[Result "1-0"]
[WhiteCountry "ENG"]
[BlackCountry "ITA"]
[WhiteElo "1602"]
[WhiteRD "57"]
[BlackElo "1335"]
[BlackRD "79"]
[GameID "411730"]

1. e4 c6 2. d4 d5 3. Nc3 dxe4 4. Nxe4 Bf5 5. Ng3 Bg6 6. h4 h6 7. h5 Bh7 8. Nf3 Nd7 9. Bd3 Bxd3 10. Qxd3 Qc7
11. Bd2 e6 12. O-O-O Ngf6 13. Ne4 Nxe4 14. Qxe4 Nf6 15. Qe2 Bd6 16. Kb1 O-O-O 17. c4 Bf4 18. g3 Bxd2 19. Rxd2 Kb8 20. Ne5 Rd6
21. b3 Rhd8 22. Rhd1 c5 23. dxc5 Rxd2 24. Rxd2
1-0

[Event "Under 2300 Spring Tournament 2"]
[Site "SchemingMind.com"]
[Date "2017.03.14"]
[Round "-"]
[White "Nicola85"]
[Black "Iucounu"]
[Result "0-1"]
[WhiteCountry "ITA"]
[BlackCountry "ENG"]
[WhiteElo "1335"]
[WhiteRD "79"]
[BlackElo "1602"]
[BlackRD "57"]
[GameID "411731"]

1. b4 e5 2. Bb2 Bxb4 3. Bxe5 Nf6 4. Nf3 O-O 5. e3 d6 6. Bb2 Bg4 7. Be2 Nc6 8. O-O Re8 9. d4 d5 10. c4 dxc4
11. Bxc4 Bd6 12. Nbd2 h6 13. Bc3 a6 14. Qb3 Be6 15. Bxe6 fxe6 16. Qxb7 Qd7 17. Qb2 Reb8 18. Qc2 Nb4 19. Bxb4 Bxb4 20. Rfc1 Bxd2
21. Nxd2 Rb7 22. Rab1 Rxb1
0-1

[Event "Under 2300 Spring Tournament 2"]
[Site "SchemingMind.com"]
[Date "2017.03.17"]
[Round "-"]
[White "emvarela"]
[Black "Scooter"]
[Result "0-1"]
[WhiteCountry "ARG"]
[BlackCountry "USA"]
[WhiteElo "1739"]
[WhiteRD "59"]
[BlackElo "1707"]
[BlackRD "53"]
[GameID "411906"]

1. e4 c6 2. d4 d5 3. exd5 cxd5 4. c4 Nf6 5. Nc3 g6 6. Nf3 Bg4 7. h3 Bxf3 8. Qxf3 e6 9. Bg5 Be7 10. O-O-O Nbd7
11. Bxf6 Nxf6 12. cxd5 Nxd5 13. Nxd5 Qxd5 14. Qxd5 exd5 15. Bb5+ Kf8 16. f4 Kg7 17. Rhe1 Rac8+ 18. Kb1 Bf6 19. g4 a6 20. Ba4 Rc4
21. Bb3 Rxd4 22. Rxd4 Bxd4 23. Bxd5 Rd8 24. Bb3 Bc5 25. Re7 Bxe7
0-1

[Event "Under 2300 Spring Tournament 2"]
[Site "SchemingMind.com"]
[Date "2017.03.17"]
[Round "-"]
[White "Scooter"]
[Black "emvarela"]
[Result "1-0"]
[WhiteCountry "USA"]
[BlackCountry "ARG"]
[WhiteElo "1739"]
[WhiteRD "53"]
[BlackElo "1757"]
[BlackRD "53"]
[GameID "411907"]

1. d4 d5 2. Nf3 Nf6 3. Bf4 e6 4. e3 Bd6 5. Bxd6 Qxd6 6. c3 c5 7. Bb5+ Bd7 8. Bxd7+ Nbxd7 9. O-O O-O 10. Nbd2 c4
11. Re1 e5 12. dxe5 Nxe5 13. Nxe5 Qxe5 14. Nf3 Qc7 15. Nd4 a6 16. Qe2 Rfe8 17. Rad1 Rad8 18. Qf3 b5 19. Nf5 Qe5 20. Nd4 Qe4
21. Rd2 Qxf3 22. Nxf3 Rd6 23. Red1 Red8 24. Rd4 Ne4 25. Nd2 Nc5 26. Nf3 Nd3 27. Rd2 f6 28. Kf1 Ne5 29. e4 Nd3 30. exd5 Rxd5
31. Rxd5 Rxd5 32. Ne1 Kf7 33. Nxd3 cxd3 34. f4 Ke7 35. Kf2 Ke6 36. Ke3 g5 37. fxg5 Rxg5 38. Kxd3 Rd5+ 39. Ke2 Rxd2+ 40. Kxd2 Ke5
41. Ke3 f5 42. b3 f4+ 43. Kf3 a5 44. g4 fxg3 45. hxg3 a4 46. g4 axb3 47. axb3 h6 48. Ke3
1-0

[Event "Under 2300 Spring Tournament 2"]
[Site "SchemingMind.com"]
[Date "2017.03.17"]
[Round "-"]
[White "emvarela"]
[Black "ray winteringham"]
[Result "1-0"]
[WhiteCountry "ARG"]
[BlackCountry "ENG"]
[WhiteElo "1757"]
[WhiteRD "53"]
[BlackElo "1481"]
[BlackRD "52"]
[GameID "411908"]

1. e4 e5 2. Nf3 Nc6 3. Bb5 d6 4. d4 f6 5. d5 a6 6. Bxc6+ bxc6 7. dxc6 Ne7 8. Nc3 g6 9. Be3 Nxc6 10. O-O Bg7
11. a3 O-O 12. Qd5+ Kh8 13. Qxc6 Bd7 14. Qd5 Bg4 15. Nd2 Qc8 16. Nc4 Be6 17. Qd3 Rd8 18. Nd5 Bxd5 19. exd5 f5 20. f4 e4
21. Qd2 c6 22. Bd4 Qc7 23. dxc6 Re8 24. Qc3 Re7 25. Rad1 Qxc6 26. Bxg7+ Rxg7 27. Rxd6 Qc5+ 28. Qd4 Qb5 29. Rd7 Qxd7 30. Qxd7 Rxd7
31. Kf2 Rc8 32. b3 Rxc4 33. bxc4 Rd2+ 34. Ke3 Rxc2 35. Kd4 Rxg2 36. Rc1 Rxh2 37. c5 Rd2+ 38. Kc3 Rd8 39. Kb4 Kg7 40. c6 Rc8
41. c7 h5 42. Ka5 e3 43. Kxa6 e2 44. Kb7 Re8 45. Re1
1-0

[Event "Under 2300 Spring Tournament 2"]
[Site "SchemingMind.com"]
[Date "2017.03.17"]
[Round "-"]
[White "ray winteringham"]
[Black "emvarela"]
[Result "0-1"]
[WhiteCountry "ENG"]
[BlackCountry "ARG"]
[WhiteElo "1496"]
[WhiteRD "51"]
[BlackElo "1739"]
[BlackRD "59"]
[GameID "411909"]

1. e4 e5 2. Nf3 Nc6 3. Nc3 Nf6 4. a3 d5 5. exd5 Nxd5 6. Bb5 Bg4 7. h3 Nxc3 8. bxc3 Bxf3 9. Qxf3 Qd6 10. Ba4 f6
11. Bxc6+ Qxc6 12. Qxc6+ bxc6 13. O-O Bc5 14. d3 Kf7 15. Kh1 Rab8 16. f3 Rhd8 17. c4 Bd4 18. Ra2 Rb1 19. g4 Be3 20. Kg2 Rxc1
0-1

[Event "Under 2300 Spring Tournament 2"]
[Site "SchemingMind.com"]
[Date "2017.03.17"]
[Round "-"]
[White "emvarela"]
[Black "Iucounu"]
[Result "1-0"]
[WhiteCountry "ARG"]
[BlackCountry "ENG"]
[WhiteElo "1757"]
[WhiteRD "53"]
[BlackElo "1602"]
[BlackRD "57"]
[GameID "411910"]

1. e4 Nf6 2. e5 Nd5 3. c4 Nb6 4. Nc3 d6 5. d4 dxe5 6. dxe5 Qxd1+ 7. Nxd1 Nc6 8. Nf3 Bg4 9. Bf4 Bxf3 10. gxf3 Nd4
11. Bd3 Nxf3+ 12. Ke2 Nd4+ 13. Ke3 O-O-O 14. b3 Ne6 15. Bg3 g6 16. f4 Bg7 17. Nc3 Nc5 18. Rad1 Rxd3+ 19. Rxd3 Nxd3 20. Kxd3 e6
21. Rd1 Rd8+ 22. Ke4 Rxd1 23. Nxd1 c5 24. Bf2 Nd7 25. Nc3 b6 26. Nb5
1-0

[Event "Under 2300 Spring Tournament 2"]
[Site "SchemingMind.com"]
[Date "2017.03.17"]
[Round "-"]
[White "Iucounu"]
[Black "emvarela"]
[Result "0-1"]
[WhiteCountry "ENG"]
[BlackCountry "ARG"]
[WhiteElo "1597"]
[WhiteRD "57"]
[BlackElo "1802"]
[BlackRD "56"]
[GameID "411911"]

1. e4 e5 2. Nf3 Nc6 3. Bb5 a6 4. Ba4 d6 5. O-O Bg4 6. h3 b5 7. Bb3 Bxf3 8. Qxf3 Qf6 9. Qxf6 Nxf6 10. d3 Na5
11. Nc3 Nxb3 12. axb3 c6 13. Bd2 d5 14. exd5 Nxd5 15. Nxd5 cxd5 16. Rfe1 Bd6 17. Bf4 f6 18. c3 Kd7 19. Bg3 g5 20. f3 Rhe8
21. b4 f5 22. Bf2 d4 23. g3 dxc3 24. bxc3 Kc6 25. d4 e4 26. fxe4 Rxe4 27. Rxe4 fxe4 28. Kg2 Bc7 29. g4 a5 30. bxa5 Rxa5
31. Rxa5 Bxa5 32. Be1 Kd5 33. Kf2 Bb6 34. Ke3 b4 35. cxb4 Bxd4+ 36. Ke2 Kc4 37. Bd2 h6 38. h4 gxh4 39. Bxh6 h3 40. Bf4 Kxb4
41. Bh2 Kc5 42. g5 Kd5 43. Bf4 Ke6
0-1

[Event "Under 2300 Spring Tournament 2"]
[Site "SchemingMind.com"]
[Date "2017.03.17"]
[Round "-"]
[White "emvarela"]
[Black "Nicola85"]
[Result "1-0"]
[WhiteCountry "ARG"]
[BlackCountry "ITA"]
[WhiteElo "1757"]
[WhiteRD "53"]
[BlackElo "1335"]
[BlackRD "79"]
[GameID "411912"]

1. e4 e5 2. Nf3 Nc6 3. Bb5 a6 4. Bxc6 dxc6 5. O-O Qd6 6. d3 Ne7 7. Nc3 Bg4 8. h3 Bd7 9. Bd2 Ng6 10. Ne2 O-O-O
11. Bc3 Kb8 12. d4
1-0

[Event "Under 2300 Spring Tournament 2"]
[Site "SchemingMind.com"]
[Date "2017.03.17"]
[Round "-"]
[White "Nicola85"]
[Black "emvarela"]
[Result "0-1"]
[WhiteCountry "ITA"]
[BlackCountry "ARG"]
[WhiteElo "1335"]
[WhiteRD "79"]
[BlackElo "1757"]
[BlackRD "53"]
[GameID "411913"]

1. d4 Nf6 2. c4 g6 3. Nc3 Bg7 4. Nf3 d6 5. e4 O-O 6. Be2 a6 7. O-O c5 8. d5 e6 9. a4 exd5 10. cxd5 Nbd7
11. Bf4 Ne5 12. Nxe5 dxe5 13. Bxe5 Re8
0-1

[Event "Under 2300 Spring Tournament 2"]
[Site "SchemingMind.com"]
[Date "2017.03.23"]
[Round "-"]
[White "emvarela"]
[Black "Wojtek26"]
[Result "1/2-1/2"]
[WhiteCountry "ARG"]
[BlackCountry "POL"]
[WhiteElo "1757"]
[WhiteRD "53"]
[BlackElo "1603"]
[BlackRD "50"]
[GameID "412086"]

1. e4 e5 2. Nf3 Nc6 3. Bb5 Nge7 4. O-O a6 5. Bxc6 Nxc6 6. c3 Bc5 7. b4 Bb6 8. d3 O-O 9. Qe2 d6 10. Be3 Bxe3
11. Qxe3 f5 12. exf5 Bxf5 13. Nbd2 Ne7 14. Ne4 Bxe4 15. Qxe4 Nc6 16. Qd5+ Kh8 17. a4 Rb8 18. b5 Ne7 19. Qb3 Ng6 20. c4 Nf4
21. Rfe1 Qf6 22. b6 c6 23. Re3 Qg6 24. g3 Nh3+ 25. Kg2 Nf4+ 26. Kg1 Nh3+ 27. Kg2 Nf4+ 28. Kg1 Nh3+=
1/2-1/2

[Event "Under 2300 Spring Tournament 2"]
[Site "SchemingMind.com"]
[Date "2017.03.22"]
[Round "-"]
[White "Wojtek26"]
[Black "emvarela"]
[Result "1/2-1/2"]
[WhiteCountry "POL"]
[BlackCountry "ARG"]
[WhiteElo "1603"]
[WhiteRD "50"]
[BlackElo "1757"]
[BlackRD "53"]
[GameID "412087"]

1. e4 e5 2. Nf3 Nc6 3. Bc4 Nf6 4. Nc3 h6 5. O-O Bc5 6. d3 d6 7. a3 O-O 8. Be3 Bxe3 9. fxe3 Be6 10. Bxe6 fxe6
11. Qe2 d5 12. exd5 exd5 13. h3 a6 14. Nd1 e4 15. dxe4 Nxe4 16. Qe1 Qd6 17. Nc3 Ne5 18. Nxe5 Rxf1+ 19. Qxf1 Qxe5 20. Nxe4 Qxe4
21. Qd3 Re8 22. Qxe4 Rxe4 23. Kf2 Kf7 24. b3 c5 25. Rd1 Ke6 26. Kf3 b5 27. c3 Ke5 28. Ke2 d4 29. Rd3 dxe3 30. Rxe3 Rxe3+
31. Kxe3 g5 32. b4 c4 33. g4 Kd5=
1/2-1/2

[Event "Under 2300 Spring Tournament 2"]
[Site "SchemingMind.com"]
[Date "2017.03.22"]
[Round "-"]
[White "Scooter"]
[Black "Wojtek26"]
[Result "1-0"]
[WhiteCountry "USA"]
[BlackCountry "POL"]
[WhiteElo "1707"]
[WhiteRD "53"]
[BlackElo "1580"]
[BlackRD "50"]
[GameID "412088"]

1. d4 d5 2. Nf3 Nc6 3. Bf4 e6 4. e3 Nf6 5. Bb5 Bd7 6. O-O a6 7. Bxc6 Bxc6 8. Nbd2 Bd6 9. Bxd6 Qxd6 10. c4 Ne4
11. c5 Qe7 12. Nxe4 dxe4 13. Ne5 O-O 14. Nxc6 bxc6 15. Qc2 f5 16. b4 Rab8 17. Rfb1 Qg5 18. a4 Rb7 19. Qc4 Rf6 20. Qxa6 Rb8
21. Qxc6 Rg6 22. g3 Rh6 23. Qxc7 Rf8 24. b5 Qg4 25. Qf4 Qh3 26. b6 Qxh2+ 27. Kf1 Rh5 28. Ke2 g5 29. Qe5 Rh6 30. Rh1 Qg2
31. Rxh6 Qf3+ 32. Kf1 Re8 33. Qc7
1-0

[Event "Under 2300 Spring Tournament 2"]
[Site "SchemingMind.com"]
[Date "2017.03.22"]
[Round "-"]
[White "Wojtek26"]
[Black "Scooter"]
[Result "0-1"]
[WhiteCountry "POL"]
[BlackCountry "USA"]
[WhiteElo "1580"]
[WhiteRD "50"]
[BlackElo "1707"]
[BlackRD "53"]
[GameID "412089"]

1. e4 c6 2. Nf3 d5 3. exd5 cxd5 4. Bb5+ Bd7 5. Bxd7+ Nxd7 6. O-O Ngf6 7. d4 g6 8. Nc3 Bg7 9. Re1 O-O 10. Rxe7 Qxe7
0-1

[Event "Under 2300 Spring Tournament 2"]
[Site "SchemingMind.com"]
[Date "2017.03.23"]
[Round "-"]
[White "ray winteringham"]
[Black "Wojtek26"]
[Result "0-1"]
[WhiteCountry "ENG"]
[BlackCountry "POL"]
[WhiteElo "1496"]
[WhiteRD "51"]
[BlackElo "1580"]
[BlackRD "50"]
[GameID "412090"]

1. e4 e5 2. Nc3 Nf6 3. Bc4 Bc5 4. a3 O-O 5. b4 Be7 6. Bb2 Nc6 7. Nf3 d6 8. h3 a6 9. Qe2 Nd4 10. O-O-O Nxe2+
0-1

[Event "Under 2300 Spring Tournament 2"]
[Site "SchemingMind.com"]
[Date "2017.03.23"]
[Round "-"]
[White "Wojtek26"]
[Black "ray winteringham"]
[Result "0-1"]
[WhiteCountry "POL"]
[BlackCountry "ENG"]
[WhiteElo "1580"]
[WhiteRD "50"]
[BlackElo "1496"]
[BlackRD "51"]
[GameID "412091"]

1. c4 e5 2. Nc3 d6 3. b3 f5 4. e4 Nc6 5. Qh5+ g6 6. Qd1 Bg7 7. Bb2 Nf6 8. d3 f4 9. Nf3 Bg4 10. h3 Bxf3
11. Qxf3 O-O 12. Nd5 Ne7 13. g3 Nh5 14. gxf4 Nxd5 15. cxd5 Nxf4 16. Bc1 Nxd5 17. Qd1 Qh4 18. Rg1 Qxf2#
0-1

[Event "Under 2300 Spring Tournament 2"]
[Site "SchemingMind.com"]
[Date "2017.03.23"]
[Round "-"]
[White "Iucounu"]
[Black "Wojtek26"]
[Result "1/2-1/2"]
[WhiteCountry "ENG"]
[BlackCountry "POL"]
[WhiteElo "1602"]
[WhiteRD "57"]
[BlackElo "1603"]
[BlackRD "50"]
[GameID "412092"]

1. e4 e5 2. Nf3 Nc6 3. Bb5 Nge7 4. O-O g6 5. c3 Bg7 6. d4 a6 7. Bc4 b5 8. Be2 exd4 9. cxd4 O-O 10. Be3 d5
11. e5 Nf5 12. Bg5 f6 13. exf6 Bxf6 14. Bxf6 Qxf6 15. Nc3 Nfxd4 16. Nxd4 Nxd4 17. Rc1 Nxe2+ 18. Qxe2 Bb7 19. f3 Rae8 20. Qf2 Re7
21. Rfe1 Rfe8 22. Rxe7 Rxe7 23. Re1 Rxe1+ 24. Qxe1 Kf7 25. Qd2 d4 26. Ne2 c5 27. Qf4 Qxf4 28. Nxf4 Kf6 29. a3 Kf5 30. Nd3 c4
31. Nc5 Bc6 32. Nxa6 d3 33. Kf2 Ke5 34. Ke3 Bb7 35. Nc5 Bc6 36. g3 Be8 37. f4+ Kd6 38. Ne4+ Ke6 39. Nc3 Bc6 40. b4 Kf5
41. Nd1 Kg4=
1/2-1/2

[Event "Under 2300 Spring Tournament 2"]
[Site "SchemingMind.com"]
[Date "2017.03.23"]
[Round "-"]
[White "Wojtek26"]
[Black "Iucounu"]
[Result "0-1"]
[WhiteCountry "POL"]
[BlackCountry "ENG"]
[WhiteElo "1608"]
[WhiteRD "51"]
[BlackElo "1597"]
[BlackRD "57"]
[GameID "412093"]

1. e4 Nf6 2. Nc3 d5 3. exd5 Nxd5 4. Nxd5 Qxd5 5. b3 Qe5+ 6. Qe2 Qxa1 7. Qd1 Qe5+ 8. Ne2 Bd7 9. d4 Qa5+ 10. Bd2 Qxa2
11. Nf4 g6 12. Bc4 b5 13. Bd5 c6 14. Bf3 Bg7 15. Be3 O-O 16. O-O Qa5 17. Qa1 Qxa1 18. Rxa1 a5 19. Rb1 a4 20. bxa4 bxa4
21. Ne2 a3 22. c3 a2 23. Ra1 Be6 24. Nf4 Bb3 25. Nd3 Ra5 26. Nc5 Bd5 27. Bxd5 cxd5 28. Nb3 Ra3 29. Nc1 Rc8 30. Rxa2 Rxa2
31. Nxa2 Nc6 32. Bf4 e5 33. dxe5 Bxe5 34. Bxe5 Nxe5 35. Kf1 f5 36. Ke2 Rc4 37. Kd2 Kf7 38. Nb4 Ke6 39. Nc2 f4 40. Nd4+ Kd6
41. Nb5+ Kc5 42. Nd4 Kb6 43. Ne6 h6 44. f3 g5 45. Nd4 Ka5 46. Nb3+ Ka4 47. Nd4 Ka3 48. Nb5+ Kb2 49. h3 Ng6 50. Ke2 Kc1
51. Kd3 Ne5+ 52. Ke2 Kc2 53. Ke1 Nd3+ 54. Ke2 Nc1+ 55. Ke1 Kd3 56. Kf2 Na2 57. g3 fxg3+ 58. Kxg3 Nxc3 59. Nxc3 Kxc3 60. h4 gxh4+
0-1

[Event "Under 2300 Spring Tournament 2"]
[Site "SchemingMind.com"]
[Date "2017.03.24"]
[Round "-"]
[White "Wojtek26"]
[Black "Nicola85"]
[Result "1-0"]
[WhiteCountry "POL"]
[BlackCountry "ITA"]
[WhiteElo "1603"]
[WhiteRD "50"]
[BlackElo "1335"]
[BlackRD "79"]
[GameID "412094"]

1. c4 c6 2. Nc3 d5 3. e3 Nf6 4. d4 a6 5. Nf3 b5 6. c5 g6 7. b4 Bf5 8. Bd3 Bxd3 9. Qxd3 Bg7 10. Ne5 Qc7
11. O-O O-O 12. Ne2 Nbd7 13. Nxd7
1-0

[Event "Under 2300 Spring Tournament 2"]
[Site "SchemingMind.com"]
[Date "2017.03.27"]
[Round "-"]
[White "Nicola85"]
[Black "Wojtek26"]
[Result "0-1"]
[WhiteCountry "ITA"]
[BlackCountry "POL"]
[WhiteElo "1335"]
[WhiteRD "79"]
[BlackElo "1603"]
[BlackRD "50"]
[GameID "412095"]

1. d4 d5 2. c4 e6 3. Nc3 Nf6 4. Bg5 Be7 5. e3 h6 6. Bh4 c5 7. dxc5 Bxc5 8. Nf3 O-O 9. Rc1 Bb4 10. a3 Bxc3+
11. bxc3 g5 12. Bg3 Ne4 13. Qc2 Nxg3
0-1